000
00330nam a22001337a 4500
008
170628b xxu||||| |||| 00| 0 eng d
020
_a
9780142437070
041
_a
eng
080
_a
94
100
_a
18
101
_a
SHH
245
_a
ALWAR NUNEZ CABENZA CHRONICLE OF THE NARVAEZ EXPEDITION
_c
CABEZA,N
942
_2
udc
_c
BK
999
_c
19425
_d
19425